Statistieken voor Alle Winnaars van een Formule 1 Grand Prix

Klik hier om de quiz te nemen!

Algemene statistieken

  • Deze quiz is 1.230 keer genomen
    (937 sinds de laatste reset)
  • De gemiddelde score is 30 van 113

Antwoordstatistieken

#LandEersteCoureur% Correct
35Nederland2016Max Verstappen
98%
103Verenigd Koninkrijk2007Lewis Hamilton
97%
91Duitsland1992Michael Schumacher
89%
6Duitsland2001Ralf Schumacher
87%
53Duitsland2008Sebastian Vettel
82%
41Brazilië1985Ayrton Senna
78%
32Spanje2003Fernando Alonso
76%
4Mexico2020Sergio Pérez
69%
5Monaco2019Charles Leclerc
66%
21Finland2003Kimi Räikkönen
66%
51Frankrijk1981Alain Prost
64%
1Spanje2022Carlos Sainz Jr
63%
25Oostenrijk1974Niki Lauda
63%
10Finland2017Valtteri Bottas
59%
8Australië2014Daniel Ricciardo
57%
1Frankrijk2021Esteban Ocon
55%
1Frankrijk2020Pierre Gasly
55%
23Duitsland2012Nico Rosberg
54%
5Finland1982Keke Rosberg
53%
20Finland1997Mika Häkkinen
48%
15Verenigd Koninkrijk2006Jenson Button
47%
22Verenigd Koninkrijk1993Damon Hill
42%
1Verenigd Koninkrijk2022George Russell
42%
14Verenigd Koninkrijk1962Graham Hill
41%
23Brazilië1980Nelson Piquet
41%
3Verenigde Staten1960Phil Hill
41%
6Canada1978Gilles Villeneuve
40%
11Canada1996Jacques Villeneuve
40%
24Argentinië1950Juan Manuel Fangio
40%
31Verenigd Koninkrijk1985Nigel Mansell
34%
27Verenigd Koninkrijk1965Jackie Stewart
33%
1Duitsland1975Jochen Mass
33%
14Brazilië1970Emerson Fittipaldi
32%
10Verenigd Koninkrijk1975James Hunt
30%
9Australië2009Mark Webber
30%
11Brazilië2006Felipe Massa
29%
1Polen2008Robert Kubica
29%
11Brazilië2000Rubens Barrichello
29%
13Italië1951Alberto Ascari
28%
14Australië1959Jack Brabham
27%
8België1968Jacky Ickx
27%
25Verenigd Koninkrijk1962Jim Clark
25%
12Verenigde Staten1971Mario Andretti
25%
1Venezuela2012Pastor Maldonado
25%
13Verenigd Koninkrijk1995David Coulthard
24%
6Oostenrijk1969Jochen Rindt
22%
10Zuid-Afrika1974Jody Scheckter
22%
12Australië1977Alan Jones
21%
5Italië1950Giuseppe Farina
21%
7Colombia2001Juan Pablo Montoya
20%
4Nieuw-Zeeland1959Bruce McLaren
18%
6Verenigd Koninkrijk1963John Surtees
18%
16Verenigd Koninkrijk1955Stirling Moss
18%
8Nieuw-Zeeland1967Denny Hulme
17%
1Finland2008Heikki Kovalainen
17%
1Italië2004Jarno Trulli
17%
3België1989Thierry Boutsen
17%
3Verenigd Koninkrijk1953Mike Hawthorn
16%
10Oostenrijk1986Gerhard Berger
15%
3Italië2003Giancarlo Fisichella
15%
10Zweden1973Ronnie Peterson
15%
1Frankrijk1995Jean Alesi
14%
1Frankrijk1996Olivier Panis
14%
6Italië1982Riccardo Patrese
14%
12Argentinië1974Carlos Reutemann
13%
4Verenigd Koninkrijk1999Eddie Irvine
13%
3Duitsland1997Heinz-Harald Frentzen
13%
5Zwitserland1970Clay Regazzoni
12%
3Frankrijk1980Didier Pironi
12%
3Verenigd Koninkrijk1995Johnny Herbert
12%
7Frankrijk1980René Arnoux
12%
1Frankrijk1971François Cevert
11%
6Frankrijk1977Jacques Laffite
11%
5Verenigd Koninkrijk1976John Watson
11%
2Argentinië1951José Froilán González
11%
5Italië1982Michele Alboreto
11%
2Mexico1967Pedro Rodríguez
11%
2Duitsland1961Wolfgang von Trips
11%
1Italië1989Alessandro Nannini
10%
4Verenigde Staten1962Dan Gurney
10%
2Italië1982Elio de Angelis
10%
1Zweden1977Gunnar Nilsson
10%
2Frankrijk1979Jean-Pierre Jabouille
10%
1Brazilië1975José Carlos Pace
10%
1Italië1951Luigi Fagioli
10%
2Frankrijk1978Patrick Depailler
10%
2Frankrijk1982Patrick Tambay
10%
3Verenigd Koninkrijk1956Peter Collins
10%
6Verenigd Koninkrijk1957Tony Brooks
10%
1Italië1975Vittorio Brambilla
10%
2Verenigde Staten1953Bill Vukovich
9%
1Verenigde Staten1955Bob Sweikert
9%
1Italië1961Giancarlo Baghetti
9%
1Verenigd Koninkrijk1961Innes Ireland
9%
1Frankrijk1972Jean-Pierre Beltoise
9%
1Verenigde Staten1958Jimmy Bryan
9%
1Verenigde Staten1960Jim Rathmann
9%
1Zweden1959Jo Bonnier
9%
1Verenigde Staten1950Johnnie Parsons
9%
2Zwitserland1968Jo Siffert
9%
1Verenigde Staten1951Lee Wallard
9%
1Italië1964Lorenzo Bandini
9%
1Italië1966Ludovico Scarfiotti
9%
1Italië1956Luigi Musso
9%
2Frankrijk1955Maurice Trintignant
9%
1Verenigde Staten1956Pat Flaherty
9%
1Verenigd Koninkrijk1971Peter Gethin
9%
2Verenigde Staten1973Peter Revson
9%
1Italië1952Piero Taruffi
9%
1Verenigde Staten1965Richie Ginther
9%
1Verenigde Staten1959Rodger Ward
9%
1Verenigde Staten1957Sam Hanks
9%
1Verenigde Staten1952Troy Ruttman
9%

Scoreverdeling

Percentiel versus Aantal Correcte Antwoorden

Procent van Mensen met Elke Score

Uw Scoregeschiedenis

U heeft deze quiz nog niet genomen sinds de laatste reset